| 000 -LEADER |
| fixed length control field |
00904nam a2200229Ia 4500 |
| 001 - CONTROL NUMBER |
| control field |
16767 |
| 003 - CONTROL NUMBER IDENTIFIER |
| control field |
GE_BSU |
| 008 - FIXED-LENGTH DATA ELEMENTS--GENERAL INFORMATION |
| fixed length control field |
181216s||||||||xx |||||||||||||| ||und|| |
| 040 ## - CATALOGING SOURCE |
| Transcribing agency |
GE_BSU |
| 080 ## - UNIVERSAL DECIMAL CLASSIFICATION NUMBER |
| Universal Decimal Classification number |
94(47+57)(092)(479.22) |
| 100 ## - MAIN ENTRY--PERSONAL NAME |
| Personal name |
გვაზავა-სანაძე, ლამარა |
| 245 ## - TITLE STATEMENT |
| Title |
სამშობლოს სახელით |
| 245 ## - TITLE STATEMENT |
| Remainder of title |
ქართველ მეომართა გმირობა დიდ სამამულო ომში |
| 245 ## - TITLE STATEMENT |
| Statement of responsibility, etc. |
რედ.ალ.ბეგაშვილი |
| 260 ## - PUBLICATION, DISTRIBUTION, ETC. |
| Place of publication, distribution, etc. |
თბილისი |
| 260 ## - PUBLICATION, DISTRIBUTION, ETC. |
| Name of publisher, distributor, etc. |
მეცნიერება |
| 260 ## - PUBLICATION, DISTRIBUTION, ETC. |
| Date of publication, distribution, etc. |
1982 |
| 300 ## - PHYSICAL DESCRIPTION |
| Extent |
262გვ.21სმ. |
| 653 ## - INDEX TERM--UNCONTROLLED |
| Uncontrolled term |
სამშობლოს სახელით |
| 653 ## - INDEX TERM--UNCONTROLLED |
| Uncontrolled term |
ქართველ მეომართა გმირობა დიდ სამამულო ომში |
| 942 ## - ADDED ENTRY ELEMENTS (KOHA) |
| Koha item type |
წიგნი |